From Paracelsus to Van Helmont : studies in renaissance medicine and science

Αποθηκεύτηκε σε:
Λεπτομέρειες βιβλιογραφικής εγγραφής
Κύριος συγγραφέας: Pagel, Walter
Άλλοι συγγραφείς: Winder, Marianne (Επιμελητής έκδοσης)
Μορφή: Βιβλίο
Γλώσσα:English
Δημοσίευση: London : Marianne Winder, 1986
Θέματα:
Ετικέτες: Προσθήκη ετικέτας
Δεν υπάρχουν, Καταχωρήστε ετικέτα πρώτοι!

MARC

LEADER 00000nam a2200000 i 4500
001 1/5173
008 960520s1986 eng d
020 |a 0-86078-183-6 
035 |l 10015912 
040 |a GR-MY-UA  |b gre  |e aacr 
041 0 |a eng 
082 0 |a 610.94 
100 1 |a Pagel, Walter. 
245 1 0 |a From Paracelsus to Van Helmont :  |b studies in renaissance medicine and science /  |c Walter Pagel ; Edited by Marianne Winder 
260 |a London :   |b Marianne Winder,   |c 1986 
300 |a 87 p. 
504 |a Includes index 
650 0 0 |a Medicine  |z Europe  |x History  |y 16th century. 
650 0 0 |a Medicine  |z Europe  |x History  |y 17th century. 
700 1 |a Winder, Marianne.  |4 edt 
852 |a INST  |b LESVOS  |e 19960520  |h 610.94 PAG  |p 005100010221  |q 005100010221  |t BK  |y 0 
909 |a Λ  |b 044019